[Event "Open International Graz"]
[Date "2026.02.15"]
[White "Orujov, Farid"]
[Black "Hamitevici, Vladimir"]
[WhiteElo "2282"]
[BlackElo "2433"]
[Round "2.2.15"]
[Result "1/2-1/2"]

e4 {[%clk 1:30:52]} d6 {[%clk 1:29:50]} d4 {[%clk 1:30:48]} Nf6 {[%clk 1:28:56]}
Nc3 {[%clk 1:31:03]} e5 {[%clk 1:28:52]} Nf3 {[%clk 1:30:55]} Nbd7 {[%clk
1:29:00]} h3 {[%clk 1:30:29]} c6 {[%clk 1:17:56]} g4 {[%clk 1:27:06]} g6 {[%clk
1:13:18]} a4 {[%clk 1:21:05]} Bg7 {[%clk 1:07:54]} dxe5 {[%clk 1:20:07]} dxe5
{[%clk 1:07:46]} Be3 {[%clk 1:16:56]} Qe7 {[%clk 1:02:20]} g5 {[%clk 1:07:37]}
Nh5 {[%clk 1:02:19]} Qd2 {[%clk 1:07:53]} O-O {[%clk 0:50:56]} O-O-O {[%clk
1:06:53]} Re8 {[%clk 0:49:40]} Nh2 {[%clk 0:52:52]} Nf4 {[%clk 0:46:56]} h4
{[%clk 0:50:05]} Nf8 {[%clk 0:42:35]} Ne2 {[%clk 0:47:42]} N8e6 {[%clk 0:40:43]}
Qd6 {[%clk 0:38:07]} Qxd6 {[%clk 0:35:19]} Rxd6 {[%clk 0:38:35]} Nxe2+ {[%clk
0:32:35]} Bxe2 {[%clk 0:38:58]} Nd4 {[%clk 0:33:02]} Bxd4 {[%clk 0:29:52]} exd4
{[%clk 0:33:26]} f4 {[%clk 0:30:17]} Be6 {[%clk 0:18:48]} e5 {[%clk 0:24:29]}
Red8 {[%clk 0:13:01]} Rxd8+ {[%clk 0:24:25]} Rxd8 {[%clk 0:13:30]} Bg4 {[%clk
0:20:08]} Bc4 {[%clk 0:10:44]} b3 {[%clk 0:17:55]} Ba6 {[%clk 0:10:59]} Rd1
{[%clk 0:17:03]} h5 {[%clk 0:07:14]} Bh3 {[%clk 0:16:39]} b6 {[%clk 0:06:56]}
Bg2 {[%clk 0:14:03]} c5 {[%clk 0:07:16]} c4 {[%clk 0:13:19]} Bc8 {[%clk
0:06:58]} Be4 {[%clk 0:12:33]} Be6 {[%clk 0:04:37]} Kc2 {[%clk 0:12:02]} Rb8
{[%clk 0:04:54]} Nf1 {[%clk 0:10:38]} Kf8 {[%clk 0:04:05]} Ng3 {[%clk 0:09:12]}
a5 {[%clk 0:01:54]} Bd3 {[%clk 0:08:45]} Ke7 {[%clk 0:00:46]} Re1 {[%clk
0:09:11]} Rh8 {[%clk 0:00:56]} Ne4 {[%clk 0:06:34]} Bf5 {[%clk 0:00:54]} Nf6
{[%clk 0:04:13]} Ke6 {[%clk 0:01:18]} Nd5 {[%clk 0:04:06]} Rb8 {[%clk 0:00:49]}
Nc7+ {[%clk 0:03:23]} Kd7 {[%clk 0:01:18]} Nd5 {[%clk 0:02:10]} Ke6 {[%clk
0:01:47]} Nc7+ {[%clk 0:01:48]} Kd7 {[%clk 0:02:12]} Bxf5+ {[%clk 0:02:14]} Kxc7
{[%clk 0:13:05]} Be4 {[%clk 0:16:12]} Re8 {[%clk 0:13:28]} Kd3 {[%clk 0:16:03]}
Re7 {[%clk 0:13:30]} Re2 {[%clk 0:15:51]} Bh8 {[%clk 0:02:16]} Bd5 {[%clk
0:16:01]} Bg7 {[%clk 0:02:34]} e6 {[%clk 0:14:58]} f5 {[%clk 0:01:32]} gxf6
{[%clk 0:13:48]} Bxf6 {[%clk 0:02:00]} Rg2 {[%clk 0:07:37]} Rg7 {[%clk 0:02:29]}
Be4 {[%clk 0:06:53]} Kd6 {[%clk 0:01:58]}

[Variant "Standard"]
[Site "Europe Echecs"]

[Event "Open International Graz"]
[Date "2026.02.15"]
[White "Ribeiro, Gustavo"]
[Black "Dehtiarov, Roman"]
[WhiteElo "2276"]
[BlackElo "2430"]
[Round "2.2.16"]
[Result "1/2-1/2"]

e4 {[%clk 1:30:57]} c6 {[%clk 1:30:41]} d4 {[%clk 1:31:15]} d5 {[%clk 1:31:06]}
Nc3 {[%clk 1:31:41]} dxe4 {[%clk 1:31:30]} Nxe4 {[%clk 1:32:05]} Nf6 {[%clk
1:31:56]} Nxf6+ {[%clk 1:32:30]} exf6 {[%clk 1:32:21]} Bc4 {[%clk 1:32:50]} Bd6
{[%clk 1:30:20]} Qe2+ {[%clk 1:33:11]} Be7 {[%clk 1:30:39]} Nf3 {[%clk 1:33:30]}
O-O {[%clk 1:31:00]} O-O {[%clk 1:33:54]} Na6 {[%clk 1:31:25]} Bf4 {[%clk
1:31:34]} Nc7 {[%clk 1:26:29]} Rfe1 {[%clk 1:26:39]} Re8 {[%clk 1:21:00]} Rad1
{[%clk 1:19:17]} Nd5 {[%clk 1:17:53]} Bc1 {[%clk 1:07:32]} Bg4 {[%clk 1:11:21]}
Bb3 {[%clk 0:58:24]} Qd7 {[%clk 1:02:16]} c3 {[%clk 0:54:28]} a5 {[%clk
0:48:18]} a4 {[%clk 0:46:52]} g5 {[%clk 0:40:37]} Bc2 {[%clk 0:38:22]} Bh5
{[%clk 0:39:54]} Qf1 {[%clk 0:37:32]} Kh8 {[%clk 0:30:44]} h3 {[%clk 0:34:23]}
Rg8 {[%clk 0:21:27]} g4 {[%clk 0:30:53]} Bg6 {[%clk 0:21:49]} Bxg6 {[%clk
0:30:44]} hxg6 {[%clk 0:22:08]} c4 {[%clk 0:27:14]} Nb4 {[%clk 0:20:18]} b3
{[%clk 0:26:26]} Bf8 {[%clk 0:15:14]} Qe2 {[%clk 0:24:58]} Bg7 {[%clk 0:13:35]}
Qe7 {[%clk 0:24:59]} Rgd8 {[%clk 0:13:18]} Bb2 {[%clk 0:24:59]} Kg8 {[%clk
0:12:15]} Rd2 {[%clk 0:19:49]} Rab8 {[%clk 0:09:51]} Bc3 {[%clk 0:18:39]} Qxe7
{[%clk 0:10:08]} Rxe7 {[%clk 0:19:04]} Bf8 {[%clk 0:10:30]} Re1 {[%clk 0:16:17]}
Kg7 {[%clk 0:08:16]} Red1 {[%clk 0:14:53]} Bd6 {[%clk 0:06:57]} d5 {[%clk
0:14:38]} cxd5 {[%clk 0:06:49]} Bxb4 {[%clk 0:14:30]} Bxb4 {[%clk 0:06:52]} Rxd5
{[%clk 0:14:44]} Re8 {[%clk 0:06:07]} Nd4 {[%clk 0:14:31]} Rbc8 {[%clk 0:04:36]}
Kf1 {[%clk 0:13:36]} Re4 {[%clk 0:02:10]} Nb5 {[%clk 0:13:30]} Rh8 {[%clk
0:02:07]} R1d3 {[%clk 0:12:45]} Re1+ {[%clk 0:01:37]} Kg2 {[%clk 0:13:11]} b6
{[%clk 0:01:27]} Rd7 {[%clk 0:12:05]} Bc5 {[%clk 0:01:01]} Nd6 {[%clk 0:12:15]}
Rf8 {[%clk 0:01:21]} Nb7 {[%clk 0:12:31]} Bb4 {[%clk 0:14:32]} Rc7 {[%clk
0:27:21]} Re6 {[%clk 0:06:13]} c5 {[%clk 0:26:24]} bxc5 {[%clk 0:05:45]} Nxc5
{[%clk 0:26:50]} Re5 {[%clk 0:06:01]} Na6 {[%clk 0:24:26]} Ba3 {[%clk 0:05:13]}
Rb7 {[%clk 0:22:59]} Ra8 {[%clk 0:04:42]} Nc7 {[%clk 0:23:08]} Re7 {[%clk
0:05:01]} Nxa8 {[%clk 0:23:09]} Rxb7 {[%clk 0:05:19]} Rd5 {[%clk 0:23:38]} Rxb3
{[%clk 0:02:35]} Rxa5 {[%clk 0:24:02]} Bd6 {[%clk 0:02:27]} Rb5 {[%clk 0:22:49]}
Ra3 {[%clk 0:02:46]} Nb6 {[%clk 0:23:08]} Ra2 {[%clk 0:02:52]} Nc4 {[%clk
0:22:47]} Be5 {[%clk 0:01:50]} Nxe5 {[%clk 0:23:09]} fxe5 {[%clk 0:02:19]}

[Variant "Standard"]
[Site "Europe Echecs"]

[Event "Open International Graz"]
[Date "2026.02.15"]
[White "Gschnitzer, Adrian"]
[Black "Stenner, Patrick"]
[WhiteElo "2429"]
[BlackElo "2271"]
[Round "2.2.17"]
[Result "1-0"]

e4 {[%clk 1:30:57]} c6 {[%clk 1:30:52]} d4 {[%clk 1:31:19]} d5 {[%clk 1:31:16]}
e5 {[%clk 1:31:42]} c5 {[%clk 1:31:20]} dxc5 {[%clk 1:32:02]} e6 {[%clk
1:31:19]} c3 {[%clk 1:32:20]} Bxc5 {[%clk 1:28:57]} Qg4 {[%clk 1:32:20]} g6
{[%clk 1:26:29]} Nf3 {[%clk 1:30:26]} f6 {[%clk 1:18:43]} Bb5+ {[%clk 1:24:57]}
Nc6 {[%clk 1:13:47]} O-O {[%clk 1:24:39]} f5 {[%clk 0:54:26]} Qg3 {[%clk
1:23:36]} Kf7 {[%clk 0:53:40]} Nbd2 {[%clk 1:16:01]} a6 {[%clk 0:45:12]} Bd3
{[%clk 1:12:35]} Kg7 {[%clk 0:41:00]} Nb3 {[%clk 1:12:06]} Be7 {[%clk 0:40:14]}
Nbd4 {[%clk 1:02:17]} Nh6 {[%clk 0:38:30]} Ne2 {[%clk 0:58:23]} Nf7 {[%clk
0:36:49]} Nf4 {[%clk 0:53:17]} Rg8 {[%clk 0:36:40]} c4 {[%clk 0:48:26]} d4
{[%clk 0:27:16]} h4 {[%clk 0:40:14]} Kh8 {[%clk 0:25:24]} Re1 {[%clk 0:40:26]}
g5 {[%clk 0:22:51]} hxg5 {[%clk 0:40:23]} Nxg5 {[%clk 0:23:08]} Nxg5 {[%clk
0:39:48]} Rxg5 {[%clk 0:21:08]} Qh3 {[%clk 0:35:35]} Qa5 {[%clk 0:22:40]} Re2
{[%clk 0:35:31]} Bd7 {[%clk 0:19:50]} Bd2 {[%clk 0:29:57]} Qc7 {[%clk 0:20:11]}
Nd5 {[%clk 0:29:13]} exd5 {[%clk 0:18:49]} Bxg5 {[%clk 0:29:23]} Bxg5 {[%clk
0:18:11]} e6 {[%clk 0:29:19]} Be8 {[%clk 0:18:26]} cxd5 {[%clk 0:27:15]} Nb4
{[%clk 0:13:49]} Qxf5 {[%clk 0:25:59]} Bg6 {[%clk 0:10:53]} Qxg5 {[%clk
0:25:37]} Nxd3 {[%clk 0:10:41]} e7 {[%clk 0:21:38]} Qf4 {[%clk 0:08:35]} Qxf4
{[%clk 0:21:45]} Nxf4 {[%clk 0:09:03]} Re5 {[%clk 0:22:04]} Nd3 {[%clk 0:09:20]}
Re6 {[%clk 0:21:27]} Nf4 {[%clk 0:07:14]} Rf6 {[%clk 0:20:58]}

[Variant "Standard"]
[Site "Europe Echecs"]

[Event "Open International Graz"]
[Date "2026.02.15"]
[White "Kozlovic, Jernej"]
[Black "Durak, Can"]
[WhiteElo "2268"]
[BlackElo "2416"]
[Round "2.2.18"]
[Result "1-0"]

e4 {[%clk 1:29:22]} c5 {[%clk 1:30:18]} Nf3 {[%clk 1:29:41]} d6 {[%clk 1:30:31]}
d4 {[%clk 1:30:05]} cxd4 {[%clk 1:29:30]} Nxd4 {[%clk 1:30:28]} Nf6 {[%clk
1:29:12]} Nc3 {[%clk 1:30:51]} Nbd7 {[%clk 1:27:30]} Be3 {[%clk 1:30:36]} a6
{[%clk 1:25:49]} f4 {[%clk 1:25:36]} Nc5 {[%clk 1:24:35]} Bd3 {[%clk 1:15:42]}
e5 {[%clk 1:23:05]} Nf3 {[%clk 1:11:54]} exf4 {[%clk 1:23:15]} Bxf4 {[%clk
1:12:00]} Be7 {[%clk 1:23:37]} O-O {[%clk 1:05:42]} O-O {[%clk 1:16:41]} Kh1
{[%clk 1:02:05]} Bg4 {[%clk 1:12:27]} Qd2 {[%clk 0:58:56]} Rc8 {[%clk 1:08:39]}
h3 {[%clk 0:43:14]} Bh5 {[%clk 1:06:34]} Nd4 {[%clk 0:38:28]} Bg6 {[%clk
1:00:21]} Nf5 {[%clk 0:35:14]} Nfxe4 {[%clk 0:51:35]} Nxe4 {[%clk 0:35:19]} Bxf5
{[%clk 0:51:58]} Nxd6 {[%clk 0:32:59]} Bxd3 {[%clk 0:51:53]} Nxc8 {[%clk
0:33:10]} Bxf1 {[%clk 0:52:13]} Qxd8 {[%clk 0:26:26]} Bxd8 {[%clk 0:48:30]} Bd6
{[%clk 0:26:51]} Ne4 {[%clk 0:46:15]} Rxf1 {[%clk 0:23:40]} Re8 {[%clk 0:45:29]}
Bf4 {[%clk 0:17:49]} Bf6 {[%clk 0:45:15]} Nd6 {[%clk 0:17:59]} Nxd6 {[%clk
0:45:40]} Bxd6 {[%clk 0:18:27]} Re2 {[%clk 0:46:01]} c4 {[%clk 0:09:29]} Rxb2
{[%clk 0:45:16]} Re1 {[%clk 0:09:18]} h5 {[%clk 0:43:09]} a4 {[%clk 0:08:56]}
Ra2 {[%clk 0:40:25]} Re8+ {[%clk 0:07:04]} Kh7 {[%clk 0:40:47]} Rb8 {[%clk
0:07:17]} Rxa4 {[%clk 0:40:56]} c5 {[%clk 0:06:49]} h4 {[%clk 0:36:44]} Rxb7
{[%clk 0:06:04]} Bd4 {[%clk 0:36:59]} Kh2 {[%clk 0:05:12]} f6 {[%clk 0:32:08]}
c6 {[%clk 0:03:13]} Ra1 {[%clk 0:32:29]} g4 {[%clk 0:02:10]} Rc1 {[%clk
0:32:28]} c7 {[%clk 0:02:32]} Be5+ {[%clk 0:32:49]} Bxe5 {[%clk 0:02:56]} Rc2+
{[%clk 0:33:11]} Kg1 {[%clk 0:03:18]} fxe5 {[%clk 0:33:36]} Ra7 {[%clk 0:01:54]}
Kg6 {[%clk 0:31:01]} Rxa6+ {[%clk 0:02:15]} Kg5 {[%clk 0:31:24]} Ra4 {[%clk
0:09:06]} Rxc7 {[%clk 0:46:34]} Re4 {[%clk 0:09:27]} Rc5 {[%clk 0:45:20]} Kg2
{[%clk 0:09:10]} g6 {[%clk 0:44:58]} Kf2 {[%clk 0:08:38]} Kf6 {[%clk 0:38:40]}
Re3 {[%clk 0:06:02]} Rc4 {[%clk 0:35:59]} Ra3 {[%clk 0:04:43]} Rc2+ {[%clk
0:34:19]} Kf3 {[%clk 0:04:25]} Rh2 {[%clk 0:34:02]} Ke4 {[%clk 0:04:47]} Rh1
{[%clk 0:34:11]} Rf3+ {[%clk 0:03:58]} Ke6 {[%clk 0:34:35]} Ra3 {[%clk 0:04:14]}
Re1+ {[%clk 0:33:30]} Kf3 {[%clk 0:04:39]} Rd1 {[%clk 0:30:41]} Ke4 {[%clk
0:04:37]} Rd4+ {[%clk 0:30:58]} Ke3 {[%clk 0:04:40]} Rc4 {[%clk 0:31:13]} Rb3
{[%clk 0:03:46]} Kd5 {[%clk 0:31:31]} Rd3+ {[%clk 0:04:11]} Kc5 {[%clk 0:31:40]}
Rd8 {[%clk 0:01:23]} g5 {[%clk 0:31:12]} Rc8+ {[%clk 0:01:26]} Kd5 {[%clk
0:27:57]}

[Variant "Standard"]
[Site "Europe Echecs"]

[Event "Open International Graz"]
[Date "2026.02.15"]
[White "Coenen, Michael"]
[Black "Waldhausen Gordon, Frederick"]
[WhiteElo "2263"]
[BlackElo "2410"]
[Round "2.2.20"]
[Result "0-1"]

d4 {[%clk 1:30:57]} Nf6 {[%clk 1:30:51]} c4 {[%clk 1:31:23]} e6 {[%clk 1:31:14]}
Nc3 {[%clk 1:31:49]} Bb4 {[%clk 1:31:28]} Qc2 {[%clk 1:32:12]} d6 {[%clk
1:31:20]} Nf3 {[%clk 1:31:26]} O-O {[%clk 1:31:18]} Bd2 {[%clk 1:28:40]} b6
{[%clk 1:29:37]} e4 {[%clk 1:23:41]} c5 {[%clk 1:29:20]} e5 {[%clk 1:21:52]}
cxd4 {[%clk 1:28:31]} exf6 {[%clk 1:15:55]} dxc3 {[%clk 1:28:31]} bxc3 {[%clk
1:16:23]} Qxf6 {[%clk 1:28:28]} Bd3 {[%clk 1:16:47]} h6 {[%clk 1:26:25]} O-O
{[%clk 1:15:13]} Bc5 {[%clk 1:26:13]} Bh7+ {[%clk 1:12:03]} Kh8 {[%clk 1:26:31]}
Be4 {[%clk 1:12:28]} d5 {[%clk 1:26:56]} cxd5 {[%clk 1:12:55]} exd5 {[%clk
1:27:20]} Bxd5 {[%clk 1:13:19]} Nc6 {[%clk 1:27:44]} c4 {[%clk 0:52:31]} Bf5
{[%clk 1:15:37]} Qa4 {[%clk 0:45:54]} Rac8 {[%clk 1:11:51]} Rac1 {[%clk
0:43:03]} Nd4 {[%clk 1:06:28]} Nxd4 {[%clk 0:42:51]} Bxd4 {[%clk 1:06:40]} Bb4
{[%clk 0:38:18]} Rfe8 {[%clk 1:02:17]} Qxa7 {[%clk 0:33:02]} Be6 {[%clk
0:44:25]} Qa4 {[%clk 0:17:33]} Bxd5 {[%clk 0:36:54]} cxd5 {[%clk 0:18:02]} Bxf2+
{[%clk 0:36:23]} Kh1 {[%clk 0:18:30]} Qh4 {[%clk 0:35:49]} Qb3 {[%clk 0:05:51]}
Rxc1 {[%clk 0:32:31]} Rxc1 {[%clk 0:06:20]} Be1 {[%clk 0:32:43]} Bd6 {[%clk
0:03:23]} Qg5 {[%clk 0:28:26]} Rd1 {[%clk 0:01:54]} Re2 {[%clk 0:28:08]} Bg3
{[%clk 0:01:45]} Re3 {[%clk 0:27:17]} Qxb6 {[%clk 0:00:54]} Bxg3 {[%clk
0:27:16]} d6 {[%clk 0:00:57]} Qh5 {[%clk 0:26:15]} Qb8+ {[%clk 0:01:25]} Kh7
{[%clk 0:26:38]} Qb1+ {[%clk 0:01:48]} g6 {[%clk 0:26:26]} h3 {[%clk 0:02:13]}
Bf4 {[%clk 0:26:24]} Kg1 {[%clk 0:00:33]} Qc5 {[%clk 0:26:08]} Kh1 {[%clk
0:00:35]} Bxd6 {[%clk 0:25:52]}

[Variant "Standard"]
[Site "Europe Echecs"]

[Event "Open International Graz"]
[Date "2026.02.15"]
[White "Pranav Anand"]
[Black "Smith, Bryan"]
[WhiteElo "2606"]
[BlackElo "2361"]
[Round "3.3.1"]
[Result "1/2-1/2"]

e4 {[%clk 1:30:57]} c5 {[%clk 1:26:52]} Nf3 {[%clk 1:31:19]} Nc6 {[%clk
1:26:58]} Bb5 {[%clk 1:31:43]} Nf6 {[%clk 1:27:19]} Nc3 {[%clk 1:32:08]} g6
{[%clk 1:27:12]} e5 {[%clk 1:31:04]} Nh5 {[%clk 1:25:35]} O-O {[%clk 1:31:23]}
Bg7 {[%clk 1:23:32]} Re1 {[%clk 1:30:11]} O-O {[%clk 1:20:48]} Bxc6 {[%clk
1:22:25]} dxc6 {[%clk 1:20:50]} d3 {[%clk 1:22:49]} f6 {[%clk 1:04:54]} exf6
{[%clk 1:06:39]} exf6 {[%clk 1:02:48]} Be3 {[%clk 1:06:41]} b6 {[%clk 1:01:00]}
d4 {[%clk 1:02:00]} cxd4 {[%clk 0:46:05]} Nxd4 {[%clk 1:02:13]} c5 {[%clk
0:44:47]} Nc6 {[%clk 1:02:29]} Qd7 {[%clk 0:39:25]} Qd5+ {[%clk 0:59:42]} Kh8
{[%clk 0:37:32]} Rad1 {[%clk 0:53:28]} Qxd5 {[%clk 0:35:57]} Nxd5 {[%clk
0:53:49]} Bb7 {[%clk 0:27:32]} Nce7 {[%clk 0:52:27]} Bxd5 {[%clk 0:27:07]} Nxd5
{[%clk 0:52:41]} f5 {[%clk 0:26:10]} Nc7 {[%clk 0:50:50]} Rac8 {[%clk 0:19:47]}
Ne6 {[%clk 0:50:05]} Rf7 {[%clk 0:19:54]} Nxg7 {[%clk 0:50:20]} Kxg7 {[%clk
0:19:34]} Bd2 {[%clk 0:47:36]} Nf6 {[%clk 0:15:14]} Bc3 {[%clk 0:46:46]} Kf8
{[%clk 0:14:57]} f3 {[%clk 0:46:11]} Re8 {[%clk 0:12:28]} Be5 {[%clk 0:46:15]}
Kg8 {[%clk 0:12:26]} Kf1 {[%clk 0:45:36]} Nd7 {[%clk 0:11:39]} Bf4 {[%clk
0:39:12]} Rxe1+ {[%clk 0:09:42]} Kxe1 {[%clk 0:37:55]} Re7+ {[%clk 0:07:53]} Kf2
{[%clk 0:38:14]} Nf8 {[%clk 0:06:09]} Rd8 {[%clk 0:35:23]} Kf7 {[%clk 0:05:26]}
Ra8 {[%clk 0:26:24]} Ne6 {[%clk 0:05:24]} Bb8 {[%clk 0:24:48]} Nd4 {[%clk
0:05:16]} Bxa7 {[%clk 0:19:25]} Re2+ {[%clk 0:05:01]} Kg3 {[%clk 0:18:35]} Rxc2
{[%clk 0:04:11]} Bxb6 {[%clk 0:18:56]} g5 {[%clk 0:03:32]} h4 {[%clk 0:16:00]}
gxh4+ {[%clk 0:02:02]} Kh3 {[%clk 0:15:43]} Ne6 {[%clk 0:01:57]} a4 {[%clk
0:15:06]} Rxb2 {[%clk 0:01:43]} a5 {[%clk 0:15:12]} Kg6 {[%clk 0:00:40]} Kxh4
{[%clk 0:09:16]} f4 {[%clk 0:09:25]} Kh3 {[%clk 0:15:30]} Ng5+ {[%clk 0:02:23]}
Kg4 {[%clk 0:15:49]} Ne6 {[%clk 0:02:42]} Rg8+ {[%clk 0:09:25]} Kf6 {[%clk
0:02:43]} Kh3 {[%clk 0:09:28]} Ng5+ {[%clk 0:02:44]} Kh4 {[%clk 0:09:35]} Nxf3+
{[%clk 0:02:12]} Kh5 {[%clk 0:10:03]} Nd4 {[%clk 0:01:17]} Rf8+ {[%clk 0:08:45]}
Ke5 {[%clk 0:01:17]} Rc8 {[%clk 0:04:50]} Ne6 {[%clk 0:01:14]} Kh4 {[%clk
0:03:02]}

[Variant "Standard"]
[Site "Europe Echecs"]

[Event "Open International Graz"]
[Date "2026.02.15"]
[White "Moksh Amit Doshi"]
[Black "Socko, Bartosz"]
[WhiteElo "2354"]
[BlackElo "2580"]
[Round "3.3.2"]
[Result "1/2-1/2"]

d4 {[%clk 1:27:01]} e6 {[%clk 1:30:48]} Nf3 {[%clk 1:27:20]} d5 {[%clk 1:30:05]}
c4 {[%clk 1:27:34]} Nf6 {[%clk 1:30:02]} Nc3 {[%clk 1:26:05]} c5 {[%clk
1:30:07]} cxd5 {[%clk 1:26:19]} Nxd5 {[%clk 1:30:29]} g3 {[%clk 1:25:11]} cxd4
{[%clk 1:29:33]} Nxd5 {[%clk 1:24:59]} Qxd5 {[%clk 1:29:53]} Qxd4 {[%clk
1:25:23]} Qxd4 {[%clk 1:20:54]} Nxd4 {[%clk 1:20:02]} Bb4+ {[%clk 1:19:53]} Bd2
{[%clk 1:20:12]} Bxd2+ {[%clk 1:20:16]} Kxd2 {[%clk 1:20:35]} Bd7 {[%clk
1:20:36]} Bg2 {[%clk 1:18:30]} Nc6 {[%clk 1:21:00]} Nxc6 {[%clk 1:18:17]} Bxc6
{[%clk 1:21:25]} Bxc6+ {[%clk 1:18:39]} bxc6 {[%clk 1:21:51]} Rac1 {[%clk
1:16:48]} O-O-O+ {[%clk 1:22:03]} Ke3 {[%clk 1:16:01]} Kb7 {[%clk 1:20:05]} Rc3
{[%clk 1:13:54]} Rd5 {[%clk 1:19:56]} Rhc1 {[%clk 1:14:06]} Rc8 {[%clk 1:20:12]}
Rb3+ {[%clk 1:12:55]} Kc7 {[%clk 1:20:35]} Rbc3 {[%clk 1:13:18]} Kb6 {[%clk
1:19:17]} Rb3+ {[%clk 1:13:37]} Kc7 {[%clk 1:18:24]} Rbc3 {[%clk 1:13:46]} Kb6
{[%clk 1:18:28]} Rb3+ {[%clk 1:14:09]} Kc7 {[%clk 1:18:52]} Rbc3 {[%clk
1:14:32]} Kb6 {[%clk 1:19:18]} Rb3+ {[%clk 1:14:57]}

[Variant "Standard"]
[Site "Europe Echecs"]

[Event "Open International Graz"]
[Date "2026.02.15"]
[White "Chasin, Nico"]
[Black "Perets, Dmytro"]
[WhiteElo "2523"]
[BlackElo "2357"]
[Round "3.3.3"]
[Result "1-0"]

d4 {[%clk 1:16:48]} d5 {[%clk 1:30:19]} c4 {[%clk 1:16:14]} e6 {[%clk 1:30:18]}
Nf3 {[%clk 1:16:09]} Nf6 {[%clk 1:30:14]} g3 {[%clk 1:16:35]} Be7 {[%clk
1:30:18]} Bg2 {[%clk 1:17:01]} O-O {[%clk 1:30:21]} O-O {[%clk 1:17:26]} c6
{[%clk 1:30:27]} Nc3 {[%clk 1:17:16]} b6 {[%clk 1:28:52]} Nd2 {[%clk 1:17:31]}
Bb7 {[%clk 1:24:02]} e4 {[%clk 1:15:18]} Na6 {[%clk 1:21:09]} a3 {[%clk
1:10:26]} c5 {[%clk 1:06:57]} cxd5 {[%clk 1:00:52]} cxd4 {[%clk 0:54:41]} Nb5
{[%clk 0:58:48]} exd5 {[%clk 0:50:04]} e5 {[%clk 0:58:10]} Ne4 {[%clk 0:46:41]}
Nxd4 {[%clk 0:56:53]} Nac5 {[%clk 0:40:26]} N2f3 {[%clk 0:39:09]} Ba6 {[%clk
0:35:45]} Nc6 {[%clk 0:34:32]} Qc7 {[%clk 0:29:47]} Qxd5 {[%clk 0:34:54]} Bxf1
{[%clk 0:28:25]} Bxf1 {[%clk 0:34:19]} Rac8 {[%clk 0:26:22]} Nfd4 {[%clk
0:34:04]} Rcd8 {[%clk 0:17:39]} Qc4 {[%clk 0:27:35]} Rxd4 {[%clk 0:08:48]} Nxd4
{[%clk 0:27:55]} Qxe5 {[%clk 0:08:45]} Nc6 {[%clk 0:24:33]} Qf6 {[%clk 0:08:55]}
Nxe7+ {[%clk 0:24:58]} Qxe7 {[%clk 0:09:20]} Be3 {[%clk 0:25:12]} Rd8 {[%clk
0:07:06]} b4 {[%clk 0:24:48]} Nb7 {[%clk 0:04:53]} Rc1 {[%clk 0:23:36]} Nbd6
{[%clk 0:04:07]} Qc7 {[%clk 0:23:30]} Rd7 {[%clk 0:03:10]} Qc6 {[%clk 0:23:30]}
h6 {[%clk 0:02:44]} a4 {[%clk 0:22:28]} Rd8 {[%clk 0:02:01]} Bh3 {[%clk
0:15:14]} Ng5 {[%clk 0:01:45]} Bg4 {[%clk 0:15:43]} f5 {[%clk 0:01:32]} Be2
{[%clk 0:14:45]} Kh7 {[%clk 0:01:23]} Rd1 {[%clk 0:12:46]} Nde4 {[%clk 0:00:34]}
Rxd8 {[%clk 0:08:29]} Qxd8 {[%clk 0:01:03]} h4 {[%clk 0:07:37]} Nf7 {[%clk
0:00:47]} Qe6 {[%clk 0:06:47]} Nfd6 {[%clk 0:00:52]} Bd4 {[%clk 0:06:33]} Qc8
{[%clk 0:00:46]} Qe5 {[%clk 0:06:03]} Qd7 {[%clk 0:00:37]} a5 {[%clk 0:06:08]}
Nc8 {[%clk 0:00:34]} Bb5 {[%clk 0:05:42]} Qf7 {[%clk 0:00:47]} Bc4 {[%clk
0:05:27]} Qf8 {[%clk 0:08:47]} Be6 {[%clk 0:19:33]} Ned6 {[%clk 0:09:13]} h5
{[%clk 0:19:18]} Kh8 {[%clk 0:08:24]} Qf4 {[%clk 0:13:59]} Kh7 {[%clk 0:07:27]}
g4 {[%clk 0:14:11]} bxa5 {[%clk 0:06:20]} bxa5 {[%clk 0:13:32]} a6 {[%clk
0:04:48]} gxf5 {[%clk 0:12:28]} Nb5 {[%clk 0:04:05]} Be5 {[%clk 0:12:13]} Ne7
{[%clk 0:02:29]} f6 {[%clk 0:11:36]} Ng8 {[%clk 0:02:06]} Qf5+ {[%clk 0:11:55]}
g6 {[%clk 0:01:44]} hxg6+ {[%clk 0:12:14]} Kh8 {[%clk 0:02:45]} f7+ {[%clk
0:12:30]} Nf6 {[%clk 0:03:03]} Qg5 {[%clk 0:12:57]} hxg5 {[%clk 0:03:11]} Bxf6+
{[%clk 0:13:24]} Qg7 {[%clk 0:03:37]} f8=R# {[%clk 0:13:50]}

[Variant "Standard"]
[Site "Europe Echecs"]